| 000 | 00956nas a2200313 4500 | ||
|---|---|---|---|
| 001 | BR2016000132 | ||
| 003 | BR-BrBNA | ||
| 005 | 20231205130039.0 | ||
| 007 | ta | ||
| 008 | 230509b bl.|||p| |||| 00| 00por d | ||
| 040 |
_aBR-BrBNA _bpor _cBiblioteca Nacional de Agricultura |
||
| 041 | _a(Pt) | ||
| 072 | _aQ03 | ||
| 100 | 1 | _aChaves, N.P. | |
| 100 | 1 | _aBezerra, D.C. | |
| 100 | 1 | _aFonseca, C.M.C. | |
| 100 | 1 | _aAlves, L.M.C. | |
| 100 | 1 | _aMartins, H.P.S. | |
| 245 | 1 | _aQualidade microbiológica de feijão e arroz cozidos preparados em uma unidade de alimentação e nutrição na cidade de São Luís - MA | |
| 650 | _aALIMENTACAO | ||
| 650 | _aARROZ | ||
| 650 | _aFEIJAO | ||
| 650 | _aCONTAMINACAO | ||
| 650 | _aCOLIFORME | ||
| 650 | _aSAO LUIS | ||
| 773 | 0 |
_tHigiene Alimentar (Brazil) _xISSN 0101-9171 _g(Sep-Oct 2015), v. 29(248-249) p. 146-149 _wBR2016000132 |
|
| 909 |
_a202311 _bLúcia _c55 _dLúcia Elande |
||
| 942 |
_2AGRIS _n0 _cANA |
||
| 999 |
_c247622 _d247622 |
||